[Event "Tata Steel-B 77th"]
[Site "Wijk aan Zee"]
[Date "2015.01.18"]
[Round "8"]
[White "Navara, David"]
[Black "Michiels, Bart"]
[Result "1-0"]
[WhiteElo "2729"]
[BlackElo "2563"]
[Annotator "Navara,D"]
[PlyCount "75"]
[EventDate "2015.01.10"]
[EventType "tourn"]
[EventRounds "13"]
[EventCountry "NED"]
[EventCategory "13"]
[SourceTitle "CBM 165"]
[Source "ChessBase"]
[SourceDate "2015.03.11"]
[SourceVersion "1"]
[SourceVersionDate "2015.03.11"]
[SourceQuality "1"]

{It is a pleasure to play in Wijk aan Zee. The event has a long tradition,
dating back to 1938. The organisers really care about the players and the
tournament has a very nice and friendly atmosphere. Well, I am obviously not
speaking about the windy and rainy weather which dominated during the first
half of the event. On the other hand, such bad weather is good for the
spectators as well as for the local cafes and restaurants, because the
grandmasters are not tempted to walk in the dunes or along the beach.  This
was the sixth time I had played in Wijk aan Zee. I still wonder why I have
been invited so many times. If I wanted, I could enumerate many reasons why
the organisers should not invite me. It is enough to mention my arrival in
2007, when I forgot one suitcase at the airport and realised it only in Wijk
aan Zee. The poor driver had to go back to Amsterdam to fetch my luggage.
Fortunately I created problems only on the board this time. My performance was
far from perfect, but decent enough.} 1. e4 e6 2. d4 d5 3. Nd2 Nf6 {Bart
Michiels plays this line regularly. I also used to play it from time to time
with Black.} 4. e5 Nfd7 5. Bd3 c5 6. c3 Nc6 7. Ne2 cxd4 8. cxd4 f6 9. exf6 Nxf6
10. O-O Bd6 11. Nf3 Qc7 {One of the tabiyas of this line has been reached.
White has various options.} 12. h3 $5 {I spent several hours looking for a
promising setup for White. In the end I ran across this continuation.} ({
Two rounds previously Sam Shankland overcame Bart Michiels with} 12. Bd2 O-O
13. Rc1 Bd7 14. Re1 {, which drew my attention to the whole line.} ({I was
surprised to find out that I played} 14. Bc3 {back in 1996!})) ({I had mostly
played} 12. Bg5 O-O 13. Bh4 {before, but the whole line has been analysed very
deeply and it is hard to come up with something new there.}) 12... O-O 13. Be3
{White has prevented the sortie Nf6-g4 and now takes measures against the
e6-e5 advance. After the mass exchanges White would claim a slight advantage
due to his safer king and more active pieces.} Bd7 14. Re1 $1 {White's setup
looks fairly silly. First he loses time on a move like h2-h3, then puts his
bishop on e3 and subsequently a rook goes on e1. Does this make any sense? It
indeed does. Things look completely different when we consider Black's
possible plans. White first avoided the knight sortie to g4 and then prepared
for e6-e5, which would bring Black a structurally inferior position. Next, he
takes measures against the manoeuvre Bd7-e8-h5, which is Black's most
important idea in the position.} (14. Rc1 {looks more natural, but after} Be8
15. Ng5 Qe7 16. f4 (16. Nf4 $2 {is bad in view of} Bxf4 17. Bxf4 Ne4 $1 {
, as White cannot avoid material losses.}) 16... Bh5 17. g4 Be8 $13 {Black has
h7-h5 at his disposal.}) 14... Be8 {Black has many options, but it is not easy
to equalise,} ({After} 14... Nb4 15. Rc1 Qa5 16. Qd2 $1 b6 17. Bf4 $1 $14 {
White remains structurally better.}) ({The same goes for} 14... Qb6 15. Nc3 $1
{, as} Qxb2 $4 {is not to be recommended:} 16. Na4 (16. Nb5 {is also good})
16... Qa3 17. Bc1 $1 Qb4 18. Bd2 Qa3 19. Re3 Be7 20. Bxh7+ {, winning.}) ({
If Black plays a normal move like} 14... Rae8 {, White just continues
improving his position, e.g.} 15. Rc1 a6 16. Nc3 (16. a3 $14 {is also good})
16... Qb8 17. Na4 e5 18. dxe5 Nxe5 19. Nxe5 Bxe5 20. Nc5 Bc8 (20... Bc6 21.
Nxa6) 21. Qd2 Kh8 22. Bb1 $14 {.}) 15. Ng5 Bf7 ({After} 15... Qe7 16. Nf4 {
the presence of White's rook on e1 makes itself felt, as} Bxf4 17. Bxf4 Ne4 {
can now be met with} 18. Bxe4 dxe4 19. Qg4 Nxd4 20. Rxe4 {with an edge for
White.}) 16. Rc1 {There is no need to hurry with the exchange on f7.} Kh8 ({
My preparation ended with} 16... h6 17. Nxf7 Qxf7 18. a3 Rac8 19. Bb1 $14 {
. Black is reasonably trying to avoid the weakening move h7-h6. Instead, he
wants to retreat his bishop to g8 and only then drive away White's knight.})
17. a3 {I have a feeling that I could have played better around this moment,
but it is hard to suggest a significant improvement.} ({Another option was} 17.
g3 $5 $14 {(Michiels), taking control of the f4-square.}) (17. Nxf7+ Qxf7 18.
Bb1 {might still be slightly preferable for White, but Black should not have
many problems, there.}) 17... Bg8 18. b4 {This move weakens Black's kingside,
but on the other hand Ne2-c3 no longer comes with a threat of Nc3-b5xd6.} a6
19. g3 {Playing this move, I was not sure whether to follow up with f2-f4,
Ne2-f4 or even Be3-f4, but Black has to take all these options into account.} (
19. Qd2 Nh5 {did not appeal to me.}) 19... h6 $6 {It is psychologically
understandable that Black wanted to chase away the intrusive steed, but this
move weakens his kingside.} ({Black should have tried} 19... Qd7 $1 20. Nf4 e5
(20... Rac8 $5) 21. dxe5 Nxe5 {with decent play. White might aspire to a
slight edge after} 22. Bf1 {, but Black has little to worry about.}) 20. Nf4
Bxf4 (20... hxg5 $4 {loses to} 21. Ng6+) 21. Bxf4 Qd7 22. Nf3 Bh7 23. b5 $6 {
Here it was my turn to commit an inaccuracy.} ({Bart Michiels correctly
preferred} 23. Bxh7 Kxh7 ({My suggestion} 23... Nxh7 $6 {is not good in view of
} 24. Qe2 $1 Rae8 25. a4 $5 $16) 24. Ne5 Nxe5 25. Bxe5 Rac8 {and here he
demonstrated an interesting idea:} 26. Rxc8 ({I mostly focussed on} 26. Qd3+
Kg8 $14 {and found my edge too slight. Still, it was better than the game
continuation.}) 26... Qxc8 (26... Rxc8 $6 {leads to a difficult endgame after}
27. Qd3+ Kg8 28. Bxf6 gxf6 29. Qg6+ Qg7 30. Qxg7+ Kxg7 31. Rxe6 $16 {, as
Black fails to exchange all the queenside pawns.}) 27. Qb1+ $5 (27. Re2 $5 Qc3
28. Re3 $14) 27... Kg8 ({During the post-mortem we looked at the following
line:} 27... Ne4 $2 28. Rc1 Qe8 29. Rc7 Rf7 30. f3 $1 Rxc7 31. Bxc7 Qf7 32. Bf4
$1 g5 33. fxe4 gxf4 34. exd5+ Kg7 35. Qe1 $1 $16 {and White remains a pawn up
with excellent winning chances.}) {Now White should probably play} 28. Qg6 $5
$14 {with a pleasant edge.} (28. Rc1 $6 {might be weaker in view of} Qe8 29.
Bxf6 (29. Rc7 Rf7) 29... Qf7 $1 $11)) (23. Ne5 Nxe5 24. dxe5 $6 Ng8 {did not
appeal to me. Once Black activates his pieces, he might get a decent position.}
) 23... axb5 24. Bxb5 Qe7 ({I prefer} 24... Rxa3 $1 {, but the real mistake
came later.} 25. Ne5 Qe7 (25... Nxe5 $2 26. Bxd7 Nf3+ 27. Kg2 Nxe1+ 28. Qxe1
Be4+ 29. Kh2 Nxd7 30. Bd6 $18) (25... Qe8 $2 26. Nxc6 bxc6 27. Bd6) 26. Bxc6
bxc6 27. Nxc6 (27. Rxc6 $5 Ne4 $1 28. f3 Rxf4 $1 29. gxf4 Bf5 $1 {is also
equal according to Houdini. Intuitively it looks right, as White's king is
fairly weak and threats like 30...Qh4 are very unpleasant. Concrete variations
too hard to understand for a mere 2700-rated mortal like me.}) {The computer's
suggestion} 27... Qb7 $1 {is not the most obvious move, but good enough to
equalise. The f2-pawn might become a target in many variations.} ({I only
considered} 27... Qd7 $6 28. Ne5 $14 {.}) 28. Rxe6 (28. Bd6 Rd3 29. Qxd3 Bxd3
30. Bxf8 {is also equal, but Black has to display some accuracy in attacking
h3 and f2.}) 28... Ne4 29. Re7 Qb2 30. Rc2 Qa1 $44) 25. Bxc6 bxc6 26. Rxc6 Ne4
27. Re3 $5 Ra7 $2 {This might well be the decisive mistake.} ({The correct
move was} 27... Rxa3 $1 {I believed that} 28. Bd6 $6 {would win an exchange.} (
{After} 28. Rc7 $1 Qb4 29. Be5 Nf6 {White maintains a slight advantage, but
Black's position appears tenable.} {Most of the world champions would have
enjoyed White's position after} 30. Rxa3 Qxa3 31. Qe2 Be4 32. Ne1 $14 {
followed by f2-f3, but I somehow lack their patience and technique.}) {However,
Black can escape with} 28... Qxd6 $1 29. Rxd6 Rxe3 30. fxe3 Nxd6 $11 {and set
up a fortress.}) ({Other continuations like} 27... Rac8 $2 28. Rxc8 Rxc8 29.
Rb3 $16 Nxf2 $2 30. Kxf2 Bc2 31. Qc1) ({or} 27... Rxf4 $2 28. gxf4 Qf6 29. Ne5
$16 {do not look particularly inspiring for Black.}) 28. Rb3 $16 {Now White
enjoys both material and positional advantage. I am fairly strong in such
positions.} Qf6 (28... Rxa3 $2 29. Rc7 $18) ({Black's position is already very
difficult. The fact that the computer suggests} 28... Kg8 {speaks for itself.})
29. Qc1 $1 {This was a nice multi-purpose move. White prepares 30.Rc8 as well
as 31.Be5 and eventually Qc1xh6.} Qf5 30. Rc8 Ra8 ({After} 30... Rxc8 31. Qxc8+
Bg8 32. Rb8 Nf6 33. Be5 {Black's counterplay comes too late.}) 31. Rc7 Qxh3 $6
{To be honest, I had not seriously considered this move, as the g7-pawn looked
far too weak. I found the winning combination quite quickly but spent two more
minutes checking the lines, as it is far too easy to spoil a winning position.}
({The computer gives} 31... Nf6 {as the best choice, but Black's position was
already beyond saving.}) 32. Rbb7 ({There were many ways to Rome, e.g.} 32.
Rxg7 Kxg7 33. Rb7+ $1 Rf7 34. Be5+ $1 Kg8 35. Rxf7 Kxf7 36. Qc7+ {, winning a
lot of material.}) 32... Ng5 $1 {The only chance. It looks as if Black gets
some counterplay, but that is not the case.} 33. Nxg5 ({I did not seriously
calculate} 33. Bxg5 {, as I found a pretty way to victory.} {The computer shows
} Rxf3 ({I was more afraid of} 33... Be4 {, not having seen} 34. Rxg7 $1 Rxf3
35. Rh7+ $3 Bxh7 36. Qc7 $18 {.}) 34. Rc8+ Rxc8 35. Qxc8+ Bg8 36. Rb8 Rxg3+ 37.
fxg3 Qxg3+ 38. Kf1 $18 {. My choice was nevertheless better.}) 33... hxg5 34.
Rxg7 gxf4 ({The other important line was} 34... Be4 35. Rh7+ $1 Qxh7 (35...
Bxh7 36. Be5+ Kg8 37. Qxg5+) 36. Be5+ Kg8 37. Qxg5+ Bg6 (37... Qg6 38. Rg7+)
38. Rxh7 Kxh7 {Here the computer shows a mate in 5, whereas I only saw the
mundane line} 39. Qh4+ Kg8 40. Qh8+ Kf7 41. Qf6+ {, collecting everything
including the point.}) 35. Qc7 $1 Be4 36. Rg8+ $1 {This sacrifice makes a nice
echo to 34...Be4 35.Rh7+.} Rxg8 (36... Kxg8 37. Qg7# {looked even more
aesthetic to me, but I am not naive enough to expect everything to go my own
way.}) 37. Qe5+ Rg7 38. Qxg7# {I am thankful to my opponent for letting me
demonstrate the final combination, as I rarely get an opportunity to finish a
game in style.  In the end I scored 10/13, which was a decent result. Still,
Wei Yi scored 10.5/13 and deservedly took the first place. He impressively won
all his White games, convincingly beating very solid GMs like Vladimir Potkin
and Erwin l'Ami along the way. He is still very young and improving and it
will be interesting to watch him playing in the Masters Group next year!} 1-0

[Event "Salou op 06th"]
[Site "Salou"]
[Date "2004.06.17"]
[Round "?"]
[White "Oratovsky, Michael"]
[Black "Lalic, Bogdan"]
[Result "1-0"]
[WhiteElo "2536"]
[BlackElo "2535"]
[Annotator "Oratovsky,M"]
[PlyCount "97"]
[EventDate "2004.06.10"]
[EventType "swiss"]
[EventRounds "9"]
[EventCountry "ESP"]
[SourceTitle "CBM 101"]
[Source "ChessBase"]
[SourceDate "2004.07.27"]
[SourceVersion "1"]
[SourceVersionDate "2004.07.27"]
[SourceQuality "1"]

1. e4 {[%mdl 1036]} e6 2. d4 d5 3. Nd2 Be7 4. Ngf3 Nf6 5. e5 Nfd7 6. Bd3 c5 7.
c3 Nc6 8. O-O {First critical position in this line. Black can try to create
counterplay on the queenside with a5 and Qb6 using some discoordination
between white knights or after g5 or even h5!? (Morozevich) to attack the
white centre.} a5 (8... g5 9. dxc5 (9. a3 $5 $146 h5 10. b4 g4 11. b5 $1 Nxd4
12. cxd4 gxf3 13. Nxf3 c4 14. Bc2 a6 15. Rb1 axb5 16. Rxb5 Bxa3 17. Ng5 $40 {
1-0 Nisipeanu,L-Volkov,S/Saint Vincent 2003/CBM 92 ext (44). (43)}) 9... g4 (
9... Ndxe5 10. Nxe5 (10. Bb5 Bd7 11. c4 $5) 10... Nxe5 11. Bb5+ (11. Nb3 $5)
11... Bd7 12. Bxd7+ Nxd7 13. b4 b6 14. c4 dxc4 15. Nxc4 bxc5 16. Nd6+ Bxd6 17.
Qxd6 Qb6 18. Qg3 $44 {1-0 Rublevsky,S-Morozevich,A/Togliatti 2003/CBM 94 ext 
(32). (31)}) 10. Nd4 Ndxe5 11. Bb5 Bd7 12. b4 (12. Bxc6 $5) 12... h5 13. Re1
Qc7 14. N2b3 a6 15. Bf4 (15. Be2 $16 {[%cal Gc1e3]}) 15... f6 (15... axb5 16.
Nxc6 Nf3+ 17. gxf3 (17. Qxf3 gxf3 18. Bxc7 bxc6 19. g3 f6 $13 {[%cal Ge6e5]})
17... Qxf4 18. Nxe7 Kxe7 $13) 16. Bxc6 bxc6 17. Qe2 $18 {1-0 Sebag,M-Langrock,
H/playchess.com 2003/EXT 2004 (34). (33)}) (8... h5 $5 9. dxc5 (9. Re1 cxd4 10.
cxd4 g5) 9... Ndxe5 10. Nxe5 Nxe5 11. Nb3 Nxd3 12. Qxd3 h4 13. Re1 h3 14. g3 a5
$132 {1/2-1/2 Hracek,Z-Morozevich,A/Rethymnon 2003/CBM 98 no vc (63). (63)}) 9.
Re1 cxd4 10. cxd4 Qb6 (10... g5 11. h3 h5 12. Nf1 g4 13. hxg4 hxg4 14. N3h2 Bb4
15. Re3 Qh4 16. Rg3 f5 17. exf6 Nxf6 18. Bf4 $13 {0-1 Fernandez Garcia,
J-Arizmendi Martinez,J/Burgos 2003/EXT 2004 (40). (39)}) 11. Nb1 {[%csl Gb5]
[%cal Gb1c3,Gc3b5]} Nxd4 12. Nxd4 Qxd4 13. Nc3 Qb6 14. Be3 $5 $146 {First time
played on GM level.} (14. Qg4 {the main line} O-O 15. Bh6 g6 16. Bxf8 Bxf8 17.
Bb5 $1 Nc5 (17... d4 18. Bxd7 dxc3 19. Be8 $1 cxb2 20. Rab1 $16 {[%csl Rb2,Rf7]
[%cal Gg4f4]}) 18. a4 Be7 19. Rad1 Qc7 20. h4 h5 21. Qf4 $14 {1-0 Nedev,
T-Bauer,C/Bled 2002/EXT 2003 (71). (70)}) 14... Qd8 $6 {Bogdan was surprised
with my novelty and didn't react the best way. Now the game transposes to the
main line with only one difference - the black Queen is misplaced.} (14... d4 {
was nessecary} 15. Na4 Qa7 16. Bd2 (16. Bf4 $5 O-O 17. Re4 $5 $44 {[%cal Ge4d4]
}) 16... O-O 17. Rc1 $44) 15. Qg4 O-O ({too dangerous for black was} 15... Nxe5
$6 16. Qxg7 Bf6 17. Bb5+ Bd7 18. Qg3 $40 {[%cal Ga1d1]}) (15... g6 16. Bb5 O-O
17. Bh6 Re8 18. Rac1 $36) 16. Bh6 g6 17. Bxf8 Bxf8 18. Bb5 {Now the white
pieces will occupate all important central squares. Black is just an exchange
down.} Bg7 (18... Qb6 19. Bxd7 Bxd7 20. Nxd5 $18 {[%cal Gg4d7]}) 19. Qd4 f6 {
Allows white to finsh the game in style!} (19... Qb6 20. Qxb6 Nxb6 21. Na4 Nxa4
22. Bxa4 b6 23. Bb5 $16) {[%tqu "En","","","","c3d5","",10]} 20. Nxd5 $1 fxe5 (
20... Nxe5 21. Qb6 Qxd5 22. Rad1 Nf3+ $8 (22... Nc4 23. Qd8+) (22... Qxa2 23.
Rd8+ Kf7 24. Be8+ Kg8 25. Qd6 $18 {[%cal Ge8g6]}) 23. gxf3 Qg5+ 24. Kh1 $18) (
20... exd5 21. Qxd5+ Kh8 22. e6 $18) 21. Qc4 exd5 22. Qxd5+ Kh8 (22... Kf8 23.
Rad1 Ke7 24. Qd6+ Ke8 25. Rxe5+ Bxe5 26. Qxe5+ Qe7 27. Qh8+ Qf8 28. Qxh7 $18)
23. Rad1 $18 {From now the rest of the game is a matter of technique.} Qb6 24.
Bxd7 Bxd7 25. Qxd7 Qxb2 26. Rb1 Qxa2 27. Rxb7 Qg8 (27... Rg8 28. Ra7) 28. Ra7
h5 29. Rxa8 Qxa8 30. Rc1 Kh7 31. Rc7 Qf8 32. Qf7 Kh6 33. Qxf8 $138 ({Probably
more accurate was} 33. h4) (33. Ra7) 33... Bxf8 34. Ra7 Bb4 35. h4 $22 {
[%csl Rh6][%cal Gg1f1,Gf1e2,Ge2d3,Gd3e4,Yf2f3,Yg2g4,Yg4g5]} e4 36. Kf1 e3 37.
f4 Bd2 38. Ke2 Bc1 39. Rxa5 Kg7 40. Ra6 Bd2 41. Rd6 Kf7 42. Rc6 Kg7 43. Re6 Kf7
44. Rxe3 Bxe3 45. Kxe3 Kf6 (45... Ke6 46. Ke4 Kf6 47. f5 gxf5+ 48. Kf4 Ke6 (
48... Kg6 49. Ke5 f4 50. Kxf4 Kf6 51. g3 $18) 49. Kg5 Ke5 50. Kxh5 Kf4 51. Kg6
Kg3 52. Kxf5 Kxh4 53. g4 $18) 46. Ke4 Ke6 47. f5+ gxf5+ 48. Kf4 Kf6 49. g3 1-0

[Event "Julian Borowski-B 2nd"]
[Site "Essen"]
[Date "2000.04.30"]
[Round "4"]
[White "Mainka, Romuald"]
[Black "Pelletier, Yannick"]
[Result "0-1"]
[WhiteElo "2478"]
[BlackElo "2478"]
[Annotator "Pelletier,Y"]
[PlyCount "70"]
[EventDate "2000.04.27"]
[EventType "tourn"]
[EventRounds "9"]
[EventCountry "GER"]
[EventCategory "10"]
[SourceTitle "CBM 077"]
[Source "ChessBase"]
[SourceDate "2000.07.27"]
[SourceVersion "1"]
[SourceVersionDate "2000.07.27"]
[SourceQuality "1"]

1. e4 e6 2. d4 d5 3. Nd2 Nf6 4. e5 Nfd7 5. Bd3 c5 6. c3 b6 7. Nh3 Ba6 8. Bxa6
Nxa6 9. O-O b5 10. Nf3 (10. Qg4 {gilt als der gefährlichere Zug; es ist auch
die Idee von 7.Nh3.}) 10... Nb6 (10... c4 {wurde schon gespielt.}) 11. a4 $5
bxa4 $6 {Erlaubt ein Qualitätsopfer, dessen Folgen ich unterschätzt hatte.} (
11... b4 {war zweiffellos sicherer.}) 12. Rxa4 Nb8 13. dxc5 $1 (13. Ra1 c4 {
stellt Schwarz vor keinerlei Probleme.}) 13... Nxa4 14. Qxa4+ Qd7 15. Qg4 {
[%csl Yc5,Re8,Rg7][%cal Rf8g7] Weiss besitzt einen Bauern für die geopferte
Qualität und hat den gegnerischen Königsflügel gelähmt. Wenn er nun zu b4 käme,
wäre sein Vorteil unumstritten. Ich verstand, dass meine Chancen, den
Königsflügel zu befreien, zu null tendieren und versuchte, die Pläne meines
Gegners durchzukreuzen.} a5 $1 (15... Nc6 16. b4 $16) 16. c4 $6 {Romuald
Mainka dachte hier so lange nach, dass er anfing, an seine Idee zu zweiffeln.
Daher diese Fehlentscheidung.} ({In} 16. b4 $2 axb4 17. cxb4 Ra4 $1 {[%csl Rb4,
Rc5][%cal Ga4g4] bestand die Absicht von 15...a5.}) ({Weiss sollte mittels} 16.
Be3 Nc6 17. Nf4 g6 18. Nd3 {nach positioneller Kompensation anstreben.}) 16...
h5 (16... Qa4 17. Nfg5 $1 {könnte gefährlich werden.}) 17. Qg3 dxc4 ({Sicherer
war} 17... d4 18. Nhg5 Bxc5 19. Ne4 Na6 20. Qxg7 O-O-O $15) 18. Be3 $2 ({
Besser war} 18. Nfg5 {, und obwohl es nach} Bxc5 19. Ne4 Bf8 {nicht
ersichtlich ist, wie Weiss den Angriff fortsetzen kann, sieht die schwarze
Entwicklung schlecht aus.} (19... Na6 20. Be3 $5)) 18... Nc6 $6 {Dieser
natürliche Entwicklungszug ist nicht der beste.} ({Ich dachte zuerst an} 18...
Na6 $2 {nach, aber} 19. Nd2 $1 {ist unangenehm. Das Feld d6 nahm Weiss in
Visier, als er 16.c4 spielte.}) ({Zu grossem Vorteil führte hier das originelle
} 18... c3 $1 {[%cal Ga5a1]} 19. bxc3 a4 20. Nfg5 a3 21. Qf3 Ra6 22. Rd1 $140
a2 $1 23. Rxd7 Nxd7 $1 24. Qxf7+ Kd8 $19) 19. Nhg5 $6 (19. Nd2 {wollte ich mit
19...h4? bekämpfen, aber 20.Qf4 wäre Weiss dann vorteilhaft. Richtig wäre aber}
Nd4 ({aber nicht} 19... Qd5 20. Nf4 $1 Qxe5 21. Qf3 Rc8 22. Nxc4 Qf5 23. Nb6
Rc7 $140 24. Nfd5) 20. Nf4 (20. Kh1 Nf5) 20... Rc8 21. Nxc4 Nf5 {(xd6)} 22. Qf3
Bxc5 $17) 19... c3 $1 {Nun aber doch die richtige Idee!} 20. bxc3 a4 21. Nd2 ({
Eine hübsche Variante entsteht nach} 21. Ne4 {, und wieder spielt der a-Bauer
die Hauptrolle.} a3 22. Nd6+ Bxd6 23. Qxg7 (23. cxd6 O-O) 23... Bf8 $1 24. Qxh8
a2 25. Bh6 O-O-O $1 26. Bxf8 a1=Q $1 27. Rxa1 Qd1+) ({Relativ besser war} 21.
Qf4 a3 22. Ra1 a2 23. h4 Ra7 $17) 21... a3 22. Qf3 a2 23. Nb3 $6 (23. Ra1 Ra6 (
23... Ra7 24. Nxf7 $1) 24. Qe2 Ra7 25. Nc4 Qd5 $17) 23... Ra3 24. Na1 (24. Nxf7
Rxb3 25. Nxh8 Rb1 $19) 24... Nxe5 $19 25. Qe2 Ra8 26. Rd1 $138 Qc6 27. Bf4 Ng6
28. Bd6 Bxd6 29. cxd6 Nf4 30. Qf1 (30. d7+ Ke7) 30... O-O 31. Nf3 Rfd8 32. Ne5
Qc5 33. Qe1 (33. Nc4 Ra4 34. Rd4 e5) 33... Rxd6 34. Rxd6 Qxd6 35. g3 Rb8 0-1